All We Know - Paramore - Statistics

General Stats
  • This quiz has been taken 4 times
  • The average score is 122 of 145
Answer Stats
Hint Answer % Correct
all
100%
and
100%
at
100%
can't
100%
Chorus 'Cause
100%
'cause
100%
falling
100%
falls
100%
for
100%
go
100%
I
100%
is
100%
Pre-Chorus It
100%
it
100%
know
100%
let
100%
never
100%
so
100%
that
100%
this
100%
to
100%
was
100%
we
100%
Verse 1 We've
100%
what
100%
you
100%
Bridge You
100%
alone
67%
be
67%
but
67%
could
67%
had
67%
hard
67%
in
67%
isn't
67%
just
67%
Verse 2 Now
67%
some
67%
takes
67%
the
67%
time
67%
tried
67%
understand
67%
wanted
67%
wasn't
67%
won't
67%
away
33%
back
33%
follow
33%
forget
33%
hands
33%
held
33%
home
33%
our
33%
out
33%
ran
33%
remember
33%
said
33%
shows
33%
waited
33%
world
33%
No matching quizzes found
Score Distribution
Percent of People with Each Score
Percentile by Number Answered
Your Score History
You have not taken this quiz